000 00276nam a2200133Ia 4500
008 230523s9999 xx 000 0 und d
100 _aPrinceton
245 0 _aGMAT Premium Prep 2023
260 _aN.Y.
260 _bPenguin
260 _c2022
300 _a917
942 _cRB
999 _c2091
_d2091